| 000 | 00863nam a2200217Ia 4500 | ||
|---|---|---|---|
| 003 | IN-BaIIA | ||
| 008 | 211028s9999 xx 000 0 eng d | ||
| 020 | _a978-0-521-45266-3 | ||
| 040 | _cIIA Library | ||
| 080 |
_a530.12 _bDIR-1 |
||
| 100 |
_aHu, B. L _919183 |
||
| 111 |
_a1993 International Symposium on Directions in General Relativity _cMaryland _d1993 May 22-29 _919184 |
||
| 245 | 0 |
_aDirections in general Relativity _bproceedings of the 1993 International Symposium on directions in general Relativity, vol. 1, held in Maryland, USA, May 22-29, 1993 _cB. L. Hu, M. P. Ryan Jr. and C. V. Vishveshwara. |
|
| 260 |
_aUK _bCambridge University Press _c1993 |
||
| 300 | _a[various pagings.] | ||
| 650 | _aAstronomy and Astrophysics thesaurus | ||
| 650 |
_aGeneral Relativity _93824 |
||
| 650 | _aRelativity | ||
| 700 |
_aRyan, M. P. _919185 |
||
| 942 | _cBK | ||
| 999 |
_c11200 _d11200 |
||